| 000 | 01577nam0a2200361 4500 | ||
|---|---|---|---|
| 001 | RU\NLR\bibl\1185943 | ||
| 005 | 20260405153645.0 | ||
| 010 |
_a978-5-17-038539-3 _bАСТ |
||
| 010 |
_a978-5-478-00339-5 _95000 _bВосток-Запад |
||
| 021 |
_aRU _b2007-88601 _94788 |
||
| 035 | _a(NLR Aleph) 001172519 | ||
| 090 |
_a1606415 _c1606415 |
||
| 100 | _a20080207d2007 |||y0rusy50 ca | ||
| 101 | 0 |
_arus _aeng |
|
| 102 | _aRU | ||
| 105 | _ay ||||||||| | ||
| 200 | 1 |
_aАнглийский язык с Шерлоком Холмсом _eпособие _fподгот. Андрей Еремин |
|
| 210 |
_aМосква _cАСТ _cВосток-Запад _d2007 |
||
| 215 |
_a476 с. _d20 |
||
| 225 | 1 | _aМетод чтения Ильи Франка | |
| 225 | 1 | _aСовременная уникальная методика освоения любого иностранного языка | |
| 300 | _aНа тит. л. также: Sherlock Holmes/ Arthur Conan Doyle | ||
| 606 | 1 |
_aАнглийский язык _jУчебные издания _9972309 _3RU\NLR\auth\6646032 |
|
| 686 | _aШ143.21-93рус3хрест | ||
| 686 | _aШ143.21-93рус91 | ||
| 686 | _aШ6(4Вл)53-4{Лх1297-80} | ||
| 702 | 1 |
_4220 _7ca _8rus _aЕремин _bА. _cфилолог _gАндрей _947579 _3RU\NLR\AUTH\7764650 |
|
| 801 | 0 |
_aRU _bNLR _c20080207 _gRCR |
|
| 801 | 1 |
_aRU _bNLR _c20080207 |
|
| 942 | _cBOOK | ||
| 980 | _aNB | ||